Lyrics to 'Space Between' by Dove Cameron and Sofia Carson - Statistics

General Stats
  • This quiz has been taken 57 times
  • The average score is 277 of 308
Answer Stats
Answer % Correct
a
100%
be
100%
Be
100%
between
100%
I
100%
me
100%
space
100%
you
100%
You
100%
in
97%
In
97%
know
97%
never
97%
No
97%
no
97%
part
97%
can
94%
change
94%
did
94%
didn't
94%
find
94%
go
94%
heart
94%
is
94%
my
94%
of
94%
So
94%
to
94%
We
94%
Were
94%
were
94%
we're
94%
Where
94%
where
94%
your
94%
apart
91%
But
91%
come
91%
down
91%
going
91%
have
91%
it
91%
It
91%
It's
91%
the
91%
though
91%
through
91%
what
91%
who
91%
you're
91%
You're
91%
And
88%
and
88%
Even
88%
hide?
88%
let
88%
meet
88%
Not
88%
not
88%
out
88%
reach
88%
that
88%
two
88%
Why
88%
worlds
88%
alone
85%
Cause
85%
listening
85%
Nothing
85%
nothing
85%
tearing
85%
truth
85%
fine
82%
had
82%
has
82%
I'll
82%
matter
82%
really
82%
thought
82%
You'll
82%
changed
76%
same
76%
stay
76%
stop
76%
would
76%
are
73%
wanna
73%
yeah
73%
Yeah
73%
always
70%
am
70%
place
70%
There
70%
will
70%
words
70%
end
67%
if
67%
leave
67%
left
67%
say
67%
this
67%
all
61%
still
61%
we've
61%
changes
55%
make
55%
proud
55%
scars
55%
got
52%
They
48%
growing
45%
pains
42%
you've
36%
No matching quizzes found
Score Distribution
Percent of People with Each Score
Percentile by Number Answered
Your Score History
You have not taken this quiz